| 000 | 00392nam a2200145 i 4500 | ||
|---|---|---|---|
| 001 | 51712 | ||
| 003 | ES-MaACL | ||
| 007 | t| | ||
| 008 | 030818s1974 fr ||||1| fre d | ||
| 100 | 1 |
_aDaninos, Pierre. _942642 |
|
| 245 | 1 | 4 |
_aLes touristocrates / _cPierre Daninos. |
| 260 |
_a[Paris : _bs.n., _c1974] ( _fCh. Herissey) |
||
| 300 |
_a197 p. ; _c21 cm. |
||
| 852 |
_aES-MaACL _jE-7766 _bR.92127 |
||
| 999 |
_c51712 _d51712 |
||